| 000 | 01030nac a22002291u 4500 | ||
|---|---|---|---|
| 008 | 100913t xxu||||| |||| 00| 0 eng d | ||
| 020 | _a8180140091 | ||
| 082 |
_a625.7 _bGUP |
||
| 100 |
_aGupta ,B.L. _918839 |
||
| 245 |
_aRoads, Railways, Bridges, Tunnels and Harbour- Dock Engineering / _cB.L.Gupta and Amit Gupta. |
||
| 260 |
_aDelhi: _bStandar Publishers , 2005 _c2005 |
||
| 300 |
_a1 v. (various pagings) : _bill. ; _c29cm. |
||
| 650 |
_aRoads -- Engineering. _918840 |
||
| 650 |
_aRailways-Engineering. _918841 |
||
| 650 |
_aBridges-Engineering. _918842 |
||
| 650 |
_aTunnels-Engineering _918843 |
||
| 650 |
_aHarbour Docks -Engineering. _918844 |
||
| 700 |
_918838 _aGupta, Amit |
||
| 942 |
_cBB _k625.7 GUP _2ddc |
||
| 999 |
_c6783 _d6783 |
||